书目信息 |
| 题名: |
战国策译注
|
|
| 作者: | 王延栋 译注 | |
| 分册: | ||
| 出版信息: | 北京 中华书局 2017 |
|
| 页数: | 24,349页 | |
| 开本: | 22cm | |
| 丛书名: | 国民阅读经典 | |
| 单 册: | ||
| 中图分类: | K231.04 | |
| 科图分类: | ||
| 主题词: | 中国历史--战国时代--史籍 | |
| 电子资源: | ||
| ISBN: | 978-7-101-11957-2 | |
| 000 | 01101oam2 2200277 450 | |
| 001 | 012001004368 | |
| 005 | 20140928162349.0 | |
| 010 | @a978-7-101-11957-2@b精装@dCNY32.00 | |
| 100 | @a20170524d2017 em y0chiy50 ea | |
| 101 | 0 | @achi |
| 102 | @aCN@b110000 | |
| 105 | @ay a 000yy | |
| 106 | @ar | |
| 200 | 1 | @a战国策译注@9zhan guo ce yi zhu@f王延栋译注 |
| 210 | @a北京@c中华书局@d2017 | |
| 215 | @a24,349页@d22cm | |
| 225 | 2 | @a国民阅读经典 |
| 330 | @a《战国策》分为东西周、秦、齐、楚、赵、魏、韩、燕、宋、卫、中山等策,共三十三篇。记载了战国初年到秦统一的二百多年间,十二大诸侯国缤纷多姿的历史面貌。在战国这样一个动荡剧变的时代,往来于各国之间的纵横家是时代宠儿,他们多以谋臣策士的身份登堂入室,指点山河,旁征博引,巧思妙喻,机锋敏睿,汪洋恣肆,从某种程序上影响了一个时代诸侯国的盛衰和历史的走向。 | |
| 461 | 0 | @12001 @a国民阅读经典 |
| 605 | @a《战国策》@x译文 | |
| 605 | @a《战国策》@x注释 | |
| 606 | 0 | @a中国历史@x战国时代@x史籍 |
| 690 | @aK231.04@v5 | |
| 701 | 0 | @a王延栋@9wang yan dong@f(1949-)@4译注 |
| 801 | 0 | @aCN@b上海新华@c20180901 |
| 905 | @b1164860-4@dK231.04@e29@f5 | |
| 战国策译注/王延栋译注.-北京:中华书局,2017 |
| 24,349页;22cm.-(国民阅读经典) |
| ISBN 978-7-101-11957-2(精装):CNY32.00 |
| 《战国策》分为东西周、秦、齐、楚、赵、魏、韩、燕、宋、卫、中山等策,共三十三篇。记载了战国初年到秦统一的二百多年间,十二大诸侯国缤纷多姿的历史面貌。在战国这样一个动荡剧变的时代,往来于各国之间的纵横家是时代宠儿,他们多以谋臣策士的身份登堂入室,指点山河,旁征博引,巧思妙喻,机锋敏睿,汪洋恣肆,从某种程序上影响了一个时代诸侯国的盛衰和历史的走向。 |
| ● |
| 相关链接 |
|
|
|
|
正题名:战国策译注
索取号:K231.04/29
 
预约/预借
| 序号 | 登录号 | 条形码 | 馆藏地/架位号 | 状态 | 备注 |
| 1 | 1164860 | 211648608 | 第二样本阅览室/ [索取号:K231.04/29] | 在馆 | |
| 2 | 1164861 | 211648617 | 密集书库-史法系/ [索取号:K231.04/29] | 在馆 | |
| 3 | 1164862 | 211648626 | 第二借阅区/ [索取号:K231.04/29] | 在馆 | |
| 4 | 1164863 | 211648635 | 第二借阅区/ [索取号:K231.04/29] | 在馆 | |
| 5 | 1164864 | 211648644 | 第二借阅区/ [索取号:K231.04/29] | 在馆 |